Módulo de vivienda y grupo residencial (Record no. 148098)
[ view plain ]
| 000 -LEADER | |
|---|---|
| campo de control de longitud fija | 00705nam a2200205 4500 |
| 001 - NÚMERO DE CONTROL | |
| campo de control | 148098 |
| 003 - IDENTIFICADOR DE NÚMERO DE CONTROL | |
| campo de control | ES-MaACL |
| 005 - FECHA Y HORA DE LA ÚLTIMA TRANSACCIÓN | |
| campo de control | 20230906202429.0 |
| 007 - CAMPO FIJO DE DESCRIPCIÓN FÍSICA--INFORMACIÓN GENERAL | |
| campo de control de longitud fija | t| |
| 008 - DATOS DE LONGITUD FIJA--INFORMACIÓN GENERAL | |
| campo de control de longitud fija | 070214s1972 sp r ||||1| spa d |
| 100 1# - ENTRADA PRINCIPAL--NOMBRE DE PERSONA | |
| Nombre de persona | Sting, Hellmuth. |
| 9 (RLIN) | 108231 |
| 245 10 - MENCIÓN DEL TÍTULO | |
| Título | Módulo de vivienda y grupo residencial |
| Resto del título | : tipologías / |
| Mención de responsabilidad, etc. | Hellmuth Sting ; [versión de Juan J. Garrido Ibáñez]. |
| 260 ## - PUBLICACIÓN, DISTRIBUCIÓN, ETC. | |
| Lugar de publicación, distribución, etc. | Barcelona : |
| Nombre del editor, distribuidor, etc. | Gustavo Gili, |
| Fecha de publicación, distribución, etc. | [1972] ( |
| Fabricante | Ferrer Coll) |
| 300 ## - DESCRIPCIÓN FÍSICA | |
| Extensión | 44 p. : |
| Otras características físicas | il. ; |
| Dimensiones | 27 cm. |
| 490 1# - MENCIÓN DE SERIE | |
| Mención de serie | Temas de Arquitectura actual ; |
| Designación de volumen o secuencia | 11 |
| 700 1# - ENTRADA AGREGADA--NOMBRE PERSONAL | |
| Nombre de persona | Garrido, Juan J. |
| 9 (RLIN) | 55676 |
| 830 0# - PUNTO DE ACCESO ADICIONAL DE SERIE-TÍTULO UNIFORME | |
| Título uniforme | Temas de Arquitectura actual ; |
| Designación de volumen o secuencia | 11 |
| 9 (RLIN) | 187499 |
| 852 ## - LOCALIZACIÓN | |
| Ubicación | ES-MaACL |
| Número de control de estantería | C-43003 |
| Sublocalización o colección | R.82559 |
| Estatus retirado | Estado de pérdida | Estado de daño | No para préstamo | Biblioteca de origen | Biblioteca actual | Ubicación en estantería | Fecha de adquisición | Fuente de adquisición | Total de préstamos | Signatura topográfica completa | Código de barras | Visto por última vez | Precio de reemplazo | Tipo de ítem Koha |
|---|---|---|---|---|---|---|---|---|---|---|---|---|---|---|
| Biblioteca del Ateneo de Madrid | Biblioteca del Ateneo de Madrid | Depósito 2 | 17/01/2008 | C-43003 | 1154555 | 23/02/2023 | 23/02/2023 | Libro impreso |
